[Event "Oberpfalz-ch M2"]
[Site "Bad Koetzting"]
[Date "2018.03.24"]
[Round "2"]
[White "Sanner, Christoph"]
[Black "Antczak, Lena"]
[Result "1-0"]
[WhiteElo "1867"]
[BlackElo "1774"]
[PlyCount "109"]
[EventDate "2018.03.24"]
[EventType "swiss"]
[EventRounds "8"]
[EventCountry "GER"]
[SourceTitle "EXT 2020"]
[Source "ChessBase"]
[SourceDate "2019.10.17"]
[SourceVersion "1"]
[SourceVersionDate "2019.10.17"]
[SourceQuality "1"]

1. f4 Nc6 2. Nf3 e5 3. fxe5 d6 4. exd6 Bxd6 5. d4 Nf6 6. Bg5 h6 7. Bxf6 Qxf6 8. c3 Bg4 9. e4 0-0-0 10. Nbd2 Bf4 11. Bd3 Be3 12. Rf1 Qe7 13. h3 Bh5 14. g4 Bg6 15. Qe2 Bf4 16. 0-0-0 Rhe8 17. Kb1 Qd6 18. Nh4 Bh7 19. Nc4 Qe7 20. Ng2 Bg5 21. Rde1 Kb8 22. e5 Bxd3+ 23. Qxd3 Qe6 24. b3 Qd5 25. Qf3 Rf8 26. Qxd5 Rxd5 27. h4 Be7 28. Nf4 Rdd8 29. h5 b5 30. Nb2 Bg5 31. d5 Bxf4 32. dxc6 Bd2 33. Rd1 Bxc3 34. Rxd8+ Rxd8 35. Rxf7 Bxe5 36. Nd3 Bd4 37. Nb4 Be5 38. Na6+ Kc8 39. Re7 Bf4 40. Rxg7 Re8 41. Rf7 Be5 42. Kc2 Kd8 43. Rd7+ Kc8 44. Rd5 Re6 45. Nc5 Re8 46. Nd7 Bd6 47. Rxb5 Kd8 48. Rb8+ Ke7 49. Rxe8+ Kxe8 50. Kd3 Ke7 51. Kc4 Bf4 52. Kd5 a5 53. a3 Bd2 54. Nc5 Kf6 55. Ne4+ 1-0

[Event "Regionalliga Sued 1718 (Women)"]
[Site "Germany"]
[Date "2017.10.15"]
[Round "1.1"]
[White "Antczak, Lena"]
[Black "Schenk, Stefanie"]
[Result "0-1"]
[WhiteElo "1774"]
[BlackElo "2078"]
[PlyCount "86"]
[EventDate "2017.10.15"]
[EventType "team-tourn"]
[EventRounds "5"]
[EventCountry "GER"]
[SourceTitle "CBM 183 Extra"]
[Source "ChessBase"]
[SourceDate "2018.04.19"]
[SourceVersion "1"]
[SourceVersionDate "2018.04.19"]
[SourceQuality "1"]
[WhiteTeam "Muenchen Bayern (W) III"]
[BlackTeam "Muenchen Bayern (W) II"]
[WhiteTeamCountry "GER"]
[BlackTeamCountry "GER"]

1. e4 d5 2. exd5 Qxd5 3. Nc3 Qa5 4. d4 c6 5. Bc4 Bf5 6. Nge2 e6 7. Bd2 Bb4 8. Ng3 Bg6 9. a3 Be7 10. Qe2 Qd8 11. Rd1 Bxc2 12. Rc1 Bg6 13. f4 Nf6 14. 0-0 0-0 15. f5 exf5 16. Nxf5 Re8 17. Be3 Bf8 18. Qd2 Nbd7 19. Bg5 Nb6 20. Ba2 Bxf5 21. Rxf5 Be7 22. Rcf1 Rf8 23. Qf2 Nbd5 24. Nxd5 cxd5 25. Bxf6 Bxf6 26. Rxd5 Qb6 27. Rc5 Rad8 28. d5 Qxb2 29. Qxb2 Bxb2 30. Rc7 Bxa3 31. Rxb7 Bc5+ 32. Kh1 Rd6 33. g3 Bb6 34. Rc1 Re8 35. Rc6 Rdd8 36. d6 Re1+ 37. Kg2 Re2+ 38. Kf3 Rxa2 39. d7 Rf2+ 40. Kg4 h5+ 41. Kxh5 Rxh2+ 42. Kg4 Kf8 43. Rc8 Ke7 0-1

[Event "GER-chT Federal Cup (Women)"]
[Site "Braunfels"]
[Date "2017.06.18"]
[Round "5.7"]
[White "Busch, Annette"]
[Black "Antczak, Lena"]
[Result "0-1"]
[WhiteElo "1637"]
[BlackElo "1754"]
[PlyCount "66"]
[EventDate "2017.06.15"]
[EventType "team-swiss"]
[EventRounds "5"]
[EventCountry "GER"]
[SourceTitle "CBM 179 Extra"]
[Source "ChessBase"]
[SourceDate "2017.08.23"]
[SourceVersion "1"]
[SourceVersionDate "2017.08.23"]
[SourceQuality "1"]
[WhiteTeam "Baden (W)"]
[BlackTeam "Bayern (W) II"]
[WhiteTeamCountry "GER"]
[BlackTeamCountry "GER"]

1. d4 e6 2. Bf4 f5 3. e3 Nf6 4. Nf3 d6 5. Bc4 Be7 6. Nbd2 0-0 7. c3 Qe8 8. Qe2 a6 9. h3 Nc6 10. 0-0-0 b5 11. Bb3 Na5 12. Bc2 c5 13. g4 b4 14. cxb4 cxb4 15. gxf5 exf5 16. Rhg1 Qc6 17. Kb1 Be6 18. Ng5 Bd7 19. Rc1 Qb7 20. Nb3 Nc6 21. Qc4+ d5 22. Qe2 a5 23. Nc5 Bxc5 24. dxc5 a4 25. Bd3 Rfe8 26. Qd2 Ne4 27. Bxe4 dxe4 28. Qd5+ Be6 29. Nxe6 Kh8 30. Nd4 Ra6 31. Nxc6 Rxc6 32. Be5 Rc7 33. Bxc7 Qxd5 0-1

[Event "Bayern-ch (Women)"]
[Site "Bad Griesbach"]
[Date "2016.08.26"]
[Round "8"]
[White "Mueller, Liliane"]
[Black "Antczak, Lena"]
[Result "0-1"]
[WhiteElo "1730"]
[BlackElo "1630"]
[PlyCount "74"]
[EventDate "2016.08.21"]
[EventType "swiss"]
[EventRounds "9"]
[EventCountry "GER"]
[SourceTitle "EXT 2022"]
[Source "ChessBase"]
[SourceDate "2021.10.06"]
[SourceVersion "1"]
[SourceVersionDate "2021.10.06"]
[SourceQuality "1"]

1. d4 f5 2. c4 Nf6 3. Nc3 e6 4. g3 Bb4 5. Bd2 d6 6. Bg2 0-0 7. a3 Bxc3 8. Bxc3 Qe8 9. f4 Nbd7 10. Nf3 Nb6 11. b3 a5 12. Nd2 Ng4 13. Bf3 Nf6 14. e3 Nbd7 15. Qe2 e5 16. dxe5 dxe5 17. 0-0 e4 18. Bg2 b6 19. b4 a4 20. c5 bxc5 21. bxc5 Nxc5 22. Qc4+ Ne6 23. Bb4 Rf7 24. Rac1 Ba6 25. Qa2 Bxf1 26. Bxf1 Ng4 27. Bc4 Rf6 28. Nf1 Kh8 29. h3 Nh6 30. Bc3 Rg6 31. h4 Nc5 32. Bd4 Nd3 33. Rb1 c5 34. Bc3 Rb8 35. Kg2 Rgb6 36. Qa1 Qe7 37. Rxb6 Rxb6 0-1

[Event "Bayernliga U20 1516"]
[Site "Bayern"]
[Date "2016.01.23"]
[Round "4.3"]
[White "Alsheimer, Lea"]
[Black "Antczak, Lena"]
[Result "1/2-1/2"]
[WhiteElo "1642"]
[BlackElo "1615"]
[PlyCount "133"]
[EventDate "2015.11.21"]
[EventType "team-tourn"]
[EventRounds "7"]
[EventCountry "GER"]
[SourceTitle "EXT 2022"]
[Source "ChessBase"]
[SourceDate "2021.10.06"]
[SourceVersion "1"]
[SourceVersionDate "2021.10.06"]
[SourceQuality "1"]
[WhiteTeam "Bechhofen U20"]
[BlackTeam "Kelheim SK U20"]
[WhiteTeamCountry "GER"]
[BlackTeamCountry "GER"]

1. e4 e5 2. Nf3 Nc6 3. Bc4 Nf6 4. Ng5 d5 5. exd5 Na5 6. Bb5+ c6 7. dxc6 bxc6 8. Qf3 Rb8 9. Bd3 h6 10. Ne4 Nd5 11. Ng3 Be7 12. Nc3 0-0 13. 0-0 Nf4 14. Be4 Qc7 15. d3 f5 16. Nxf5 Bxf5 17. Bxf5 Rxf5 18. Qe4 Rff8 19. g3 Nh3+ 20. Kg2 Ng5 21. Qg4 Qc8 22. Qxc8 Rfxc8 23. Re1 Nf7 24. Re4 Nb7 25. Be3 Nbd6 26. Ra4 Rxb2 27. Rc1 Rb7 28. Rxa7 Rxa7 29. Bxa7 Nb5 30. Nxb5 cxb5 31. c4 bxc4 32. dxc4 Ra8 33. Bb6 Rxa2 34. c5 Ra8 35. c6 Rc8 36. c7 Bd6 37. h4 Kf8 38. Kf3 Ke7 39. Ke4 Kd7 40. Kf5 Ke7 41. g4 Nh8 42. Bc5 g6+ 43. Ke4 Rxc7 44. Bxd6+ Kxd6 45. Rxc7 Kxc7 46. Kxe5 Kd7 47. Kf6 Ke8 48. Kg7 Nf7 49. Kxg6 Ne5+ 50. Kf5 Nf7 51. f4 Kf8 52. Kg6 Kg8 53. g5 hxg5 54. hxg5 Nd6 55. Kf6 Ne8+ 56. Ke5 Ng7 57. Kd6 Kf7 58. Ke5 Kg6 59. Ke4 Nf5 60. Ke5 Ng7 61. Kd4 Nf5+ 62. Ke4 Ng7 63. Ke5 Nf5 64. Ke6 Ng7+ 65. Ke7 Nf5+ 66. Kf8 Ng7 67. Ke7 1/2-1/2

[Event "Oberpfalz-ch M2"]
[Site "Schwandorf"]
[Date "2015.03.30"]
[Round "5"]
[White "Antczak, Lena"]
[Black "Bruell, Elias"]
[Result "1-0"]
[WhiteElo "1625"]
[BlackElo "1671"]
[PlyCount "47"]
[EventDate "2015.03.28"]
[EventType "swiss"]
[EventRounds "8"]
[EventCountry "GER"]
[SourceTitle "EXT 2022"]
[Source "ChessBase"]
[SourceDate "2021.10.06"]
[SourceVersion "1"]
[SourceVersionDate "2021.10.06"]
[SourceQuality "1"]

1. e4 c5 2. Nc3 Nc6 3. f4 e6 4. Nf3 Nge7 5. d3 g6 6. g3 Bg7 7. Bg2 d5 8. e5 Nf5 9. 0-0 0-0 10. Ne2 Qb6 11. Kh1 f6 12. exf6 Bxf6 13. c3 d4 14. g4 dxc3 15. gxf5 cxb2 16. Bxb2 Qxb2 17. Rb1 Qxa2 18. fxg6 hxg6 19. f5 exf5 20. Nf4 g5 21. Nxg5 Bxg5 22. Bd5+ Qxd5+ 23. Nxd5 Be6 24. Nc7 1-0

[Event "Oberpfalz-ch M2"]
[Site "Schwandorf"]
[Date "2015.03.30"]
[Round "6"]
[White "Baumgaertner, Stephan"]
[Black "Antczak, Lena"]
[Result "1-0"]
[WhiteElo "1697"]
[BlackElo "1625"]
[PlyCount "73"]
[EventDate "2015.03.28"]
[EventType "swiss"]
[EventRounds "8"]
[EventCountry "GER"]
[SourceTitle "EXT 2022"]
[Source "ChessBase"]
[SourceDate "2021.10.06"]
[SourceVersion "1"]
[SourceVersionDate "2021.10.06"]
[SourceQuality "1"]

1. d4 f5 2. g3 e6 3. Bg2 Nf6 4. h3 Be7 5. Qd3 Nc6 6. g4 d6 7. g5 Nd5 8. Bxd5 exd5 9. f4 Nb4 10. Qb5+ Nc6 11. Qxd5 Nb4 12. Qb5+ Nc6 13. Nf3 a6 14. Qd3 g6 15. d5 Nb4 16. Qc3 Nxc2+ 17. Qxc2 h6 18. Qc3 Rh7 19. Qe3 Kf8 20. Nc3 b5 21. a3 Bb7 22. Nd4 Qd7 23. Qe6 Qe8 24. h4 c5 25. dxc6 Bxc6 26. Nxc6 Qxc6 27. Qd5 Qc8 28. Be3 Rb8 29. Rc1 Qe8 30. Na2 Bxg5 31. hxg5 Qxe3 32. Qxd6+ Re7 33. Qxb8+ Kf7 34. Rc2 Qe4 35. Rxh6 Qxc2 36. Rh7+ Ke6 37. Qe5+ 1-0

[Event "Oberpfalz-ch M2"]
[Site "Schwandorf"]
[Date "2015.03.29"]
[Round "4"]
[White "Betz, Michael"]
[Black "Antczak, Lena"]
[Result "1-0"]
[WhiteElo "1792"]
[BlackElo "1625"]
[PlyCount "29"]
[EventDate "2015.03.28"]
[EventType "swiss"]
[EventRounds "8"]
[EventCountry "GER"]
[SourceTitle "EXT 2022"]
[Source "ChessBase"]
[SourceDate "2021.10.06"]
[SourceVersion "1"]
[SourceVersionDate "2021.10.06"]
[SourceQuality "1"]

1. d4 d5 2. Nf3 e6 3. c4 Nf6 4. Nc3 c5 5. cxd5 exd5 6. Bg5 c4 7. e4 dxe4 8. Nxe4 Qa5+ 9. Bd2 Qb6 10. Nxf6+ Qxf6 11. Bxc4 Bd6 12. Bg5 Bb4+ 13. Kf1 Qg6 14. Qe2+ Be6 15. d5 1-0

[Event "Oberpfalz-ch M2"]
[Site "Schwandorf"]
[Date "2015.03.28"]
[Round "2"]
[White "Sakinmaz, Kadri"]
[Black "Antczak, Lena"]
[Result "0-1"]
[WhiteElo "1661"]
[BlackElo "1625"]
[PlyCount "126"]
[EventDate "2015.03.28"]
[EventType "swiss"]
[EventRounds "8"]
[EventCountry "GER"]
[SourceTitle "EXT 2022"]
[Source "ChessBase"]
[SourceDate "2021.10.06"]
[SourceVersion "1"]
[SourceVersionDate "2021.10.06"]
[SourceQuality "1"]

1. d4 e6 2. c4 f5 3. Nf3 Nf6 4. Nc3 Be7 5. Bf4 0-0 6. d5 d6 7. dxe6 Bxe6 8. Qb3 Nc6 9. e3 Rb8 10. Ng5 Bf7 11. Rd1 Na5 12. Qb5 b6 13. b4 Be8 14. Qxf5 Nc6 15. Nd5 Bg6 16. Nxf6+ Bxf6 17. Qd5+ Kh8 18. Ne6 Nxb4 19. Qd2 Nc2+ 20. Ke2 Qe7 21. Qd5 Bf7 22. Qd2 Bg6 23. Rc1 Qxe6 24. Rxc2 Bxc2 25. Qxc2 Bh4 26. Bg3 Bxg3 27. hxg3 Qf5 28. Qxf5 Rxf5 29. f4 Ra5 30. Kf3 Rxa2 31. Bd3 h6 32. g4 Ra3 33. Be4 Kg8 34. Bd5+ Kf8 35. g5 Re8 36. gxh6 Rexe3+ 37. Kf2 gxh6 38. Rxh6 Kg7 39. Rh5 Rec3 40. Rf5 Kg6 41. Rf8 c6 42. Be6 b5 43. f5+ Kg5 44. f6 Rc2+ 45. Kg1 Raa2 46. Bh3 Rf2 47. cxb5 cxb5 48. Rg8+ Kh6 49. Be6 Rae2 50. Rh8+ Kg6 51. Rg8+ Kh7 52. Rg7+ Kh6 53. Bd5 Rxf6 54. Rxa7 Kg5 55. Rb7 Rb2 56. Kh2 Kf4 57. Rh7 b4 58. Rh3 Rf5 59. Bc4 d5 60. Bb3 Rg5 61. Rh4+ Rg4 62. Rh3 Rgxg2+ 63. Kh1 Rge2 0-1

[Event "Landesliga U20 Nord 1415"]
[Site "Bayern"]
[Date "2014.11.15"]
[Round "1.4"]
[White "Antczak, Lena"]
[Black "Radeczky, Domonkos"]
[Result "1-0"]
[WhiteElo "1615"]
[BlackElo "1396"]
[PlyCount "61"]
[EventDate "2014.11.15"]
[EventType "team-tourn"]
[EventRounds "7"]
[EventCountry "GER"]
[SourceTitle "EXT 2022"]
[Source "ChessBase"]
[SourceDate "2021.10.06"]
[SourceVersion "1"]
[SourceVersionDate "2021.10.06"]
[SourceQuality "1"]
[WhiteTeam "Kelheim SK U20"]
[BlackTeam "Regensburg Bavaria U20 II"]
[WhiteTeamCountry "GE2"]
[BlackTeamCountry "GER"]

1. e4 c5 2. Nc3 d6 3. f4 Nf6 4. Nf3 g6 5. Bb5+ Nfd7 6. 0-0 a6 7. Be2 Bg7 8. Qe1 Nc6 9. f5 Nde5 10. fxg6 hxg6 11. Qg3 Nxf3+ 12. Qxf3 Ne5 13. Qf2 Be6 14. d3 Qc7 15. Be3 0-0-0 16. d4 Nc4 17. d5 Nxe3 18. dxe6 Nxf1 19. Nd5 Qa5 20. Nxe7+ Kb8 21. Qxf1 Bxb2 22. Rb1 Bd4+ 23. Kh1 Ka7 24. exf7 Bg7 25. Nxg6 Rh6 26. f8Q Bxf8 27. Nxf8 Qxa2 28. Ra1 Qxa1 29. Qxa1 Rxf8 30. h3 Re6 31. Bxa6 1-0

[Event "Nittenau-ch 14th"]
[Site "Nittenau"]
[Date "2014.09.07"]
[Round "5"]
[White "Antczak, Lena"]
[Black "Beer, Franz"]
[Result "1/2-1/2"]
[WhiteElo "1423"]
[BlackElo "1673"]
[PlyCount "44"]
[EventDate "2014.09.05"]
[EventType "swiss"]
[EventRounds "5"]
[EventCountry "GER"]
[SourceTitle "CBM 162 Extra"]
[Source "ChessBase"]
[SourceDate "2014.10.17"]
[SourceVersion "1"]
[SourceVersionDate "2014.10.17"]
[SourceQuality "1"]

1. e4 c6 2. d4 d5 3. Nd2 dxe4 4. Nxe4 Nd7 5. Nf3 Ngf6 6. Ng3 g6 7. Bd3 Bg7 8. c3 0-0 9. 0-0 c5 10. Be3 Nd5 11. Bd2 cxd4 12. Nxd4 a6 13. Nf3 N7f6 14. Re1 Bg4 15. h3 Be6 16. Nd4 Bc8 17. Rb1 e6 18. Nf3 b5 19. Ne4 Nxe4 20. Bxe4 Bb7 21. Qc2 Qc8 22. a3 Nf6 1/2-1/2

[Event "Bayernliga U20 1314"]
[Site "Bayern"]
[Date "2014.01.25"]
[Round "5.6"]
[White "Antczak, Lena"]
[Black "Huber, Benedikt"]
[Result "0-1"]
[WhiteElo "1615"]
[BlackElo "1858"]
[PlyCount "52"]
[EventDate "2013.11.16"]
[EventType "team-tourn"]
[EventRounds "7"]
[EventCountry "GER"]
[SourceTitle "EXT 2022"]
[Source "ChessBase"]
[SourceDate "2021.10.06"]
[SourceVersion "1"]
[SourceVersionDate "2021.10.06"]
[SourceQuality "1"]
[WhiteTeam "Kelheim SK U20"]
[BlackTeam "Muenchen Suedost SK U20"]
[WhiteTeamCountry "GER"]
[BlackTeamCountry "GER"]

1. e4 e6 2. d4 d5 3. exd5 exd5 4. c3 Bd6 5. Bd3 Ne7 6. Nf3 f6 7. 0-0 Bg4 8. Re1 Qd7 9. Nbd2 Nbc6 10. Qc2 0-0-0 11. b4 g5 12. Kh1 h5 13. Ng1 h4 14. h3 Be6 15. f3 f5 16. Nf1 Rdg8 17. Ne3 Kb8 18. a4 g4 19. Bf1 gxh3 20. Nxh3 f4 21. Nd1 Bxh3 22. gxh3 Rg3 23. Bg2 Rhg8 24. Re2 Rxh3+ 25. Bxh3 Qxh3+ 26. Rh2 Qf1# 0-1